<?xml version="1.0" encoding="UTF-8"?>
<marc:record xmlns:marc="http://www.loc.gov/MARC21/slim">
   <marc:leader>00000nam a2200000 a 4500</marc:leader>
   <marc:datafield ind1="1" ind2=" " tag="100">
      <marc:subfield code="a">del Val, Jonathan</marc:subfield>
      <marc:subfield code="4">drt</marc:subfield>
      <marc:subfield code="e">Regisseur/-in</marc:subfield>
   </marc:datafield>
   <marc:datafield ind1="1" ind2=" " tag="100">
      <marc:subfield code="a">Ableson, Brad</marc:subfield>
      <marc:subfield code="4">drt</marc:subfield>
      <marc:subfield code="e">Regisseur/-in</marc:subfield>
   </marc:datafield>
   <marc:datafield ind1="1" ind2=" " tag="100">
      <marc:subfield code="a">Balda, Kyle</marc:subfield>
      <marc:subfield code="4">drt</marc:subfield>
      <marc:subfield code="e">Regisseur/-in</marc:subfield>
   </marc:datafield>
   <marc:datafield ind1="0" ind2="0" tag="245">
      <marc:subfield code="a">Minions 2: Auf der Suche nach dem Mini-Boss</marc:subfield>
   </marc:datafield>
   <marc:datafield ind1=" " ind2="1" tag="264">
      <marc:subfield code="a">Berlin</marc:subfield>
      <marc:subfield code="b">Universal Pictures Germany</marc:subfield>
      <marc:subfield code="c">2022</marc:subfield>
   </marc:datafield>
   <marc:datafield ind1="1" ind2=" " tag="490">
      <marc:subfield code="a">Minions</marc:subfield>
      <marc:subfield code="v">Teil 2</marc:subfield>
   </marc:datafield>
   <marc:datafield ind1="1" ind2=" " tag="520">
      <marc:subfield code="a">Kurzbeschreibung:&#xD;
In den 70er-Jahren, lange bevor er zu einem Meister des Bösen aufsteigt, ist Gru einfach ein zwölfjähriger Vorstadtjunge, der in seinem Keller von der Weltherrschaft träumt. Als die berüchtigte Schurkenbande "Die fiesen 6" ihren Anführer rauswirft, bewirbt Gru sich um dessen Nachfolge, endet alsbald jedoch als Todfeind der Bande. Während Gru fliehen muss, lernen die Minions Kampfsport, um ihn zu retten, und Gru findet heraus, dass selbst Schurken manchmal ein bisschen Hilfe von ihren Freunden gebrauchen können.Dieses neue Animationsabenteuer ist wieder randvoll mit subversivem Humor und fröhlichem Chaos und präsentiert mehr spannende Action als jeder andere Filmhit aus dem beliebten "Ich - Einfach unverbesserlich"-Kosmos.&#xD;
&#xD;
Bonusmaterial:&#xD;
Mini-Movies: "Post-moderne Minions" &amp; "Minions und Monster",Erweiterte Szene,Outtakes,Figurenprofile,Gruvige Animation,Die 70er - Mode, Essen &amp; Funk,Minion-Kampfkünste,So zeichnet man einen Minion mit Brad Ableson,u.v.m.</marc:subfield>
   </marc:datafield>
   <marc:datafield ind1="1" ind2=" " tag="521">
      <marc:subfield code="a">FSK ab 6 freigegeben</marc:subfield>
   </marc:datafield>
   <marc:datafield ind1="1" ind2=" " tag="521">
      <marc:subfield code="a">6</marc:subfield>
   </marc:datafield>
   <marc:datafield ind1=" " ind2=" " tag="338">
      <marc:subfield code="a">Videodisk</marc:subfield>
   </marc:datafield>
   <marc:datafield ind1=" " ind2=" " tag="300">
      <marc:subfield code="a">1 DVD</marc:subfield>
   </marc:datafield>
</marc:record>
